| 000 | 00613nam a2200229Ia 4500 | ||
|---|---|---|---|
| 003 | OSt | ||
| 005 | 20220928145012.0 | ||
| 006 | a|||||r|||| 00| 0 | ||
| 007 | ta | ||
| 008 | 220927b |||||||| |||| 00| 0 eng d | ||
| 024 | _a78192 | ||
| 037 | _cTextual | ||
| 040 |
_aSDCL _cSDCL _beng |
||
| 041 |
_2eng _aeng |
||
| 082 | _aO-,2J64:g, N9 | ||
| 100 |
_aDesmet Christy Ed. _9511185 |
||
| 245 | 0 | _aShakespeare and appropriation. | |
| 260 | _c1999 | ||
| 700 |
_a Sawyer Robert Ed. _9511186 |
||
| 942 |
_hO-,2J64:g, N9 _cTEXL _2CC |
||
| 999 |
_c831413 _d831413 |
||